ბათუმის შოთა რუსთაველის სახელმწიფო უნივერსიტეტის ბიბლიოთეკა

Технология переработки нефти =Сhemical Тechnology of Рetroleum. (ბიბ.ჩანაწერი № 38254)

000 -LEADER
fixed length control field 00738nam a2200229Ia 4500
001 - CONTROL NUMBER
control field 4244
003 - CONTROL NUMBER IDENTIFIER
control field GE_BSU
008 - FIXED-LENGTH DATA ELEMENTS--GENERAL INFORMATION
fixed length control field 181216s||||||||xx |||||||||||||| ||und||
040 ## - CATALOGING SOURCE
Transcribing agency GE_BSU
080 ## - UNIVERSAL DECIMAL CLASSIFICATION NUMBER
Universal Decimal Classification number 665.632
100 ## - MAIN ENTRY--PERSONAL NAME
Personal name Грузе, Вильям А. Стивенс, Дональд Р.
245 ## - TITLE STATEMENT
Title Технология переработки нефти =Сhemical Тechnology of Рetroleum.
245 ## - TITLE STATEMENT
Remainder of title Теоретические основы.
245 ## - TITLE STATEMENT
Statement of responsibility, etc. Под. ред. И. Я. Фингрута.
250 ## - EDITION STATEMENT
Edition statement перевод. с англ.
260 ## - PUBLICATION, DISTRIBUTION, ETC.
Place of publication, distribution, etc. Л.
260 ## - PUBLICATION, DISTRIBUTION, ETC.
Name of publisher, distributor, etc. Химия.
260 ## - PUBLICATION, DISTRIBUTION, ETC.
Date of publication, distribution, etc. 1964.
300 ## - PHYSICAL DESCRIPTION
Extent 607 стр. 22 см.
653 ## - INDEX TERM--UNCONTROLLED
Uncontrolled term Технология переработки нефти.
942 ## - ADDED ENTRY ELEMENTS (KOHA)
Koha item type წიგნი
ეგზემპლარები
Withdrawn status Lost status Damaged status Not for loan Date acquired Barcode Date last seen Price effective from Koha item type Public note
        2018-12-17 9509 2018-12-17 2018-12-17 წიგნი საცავი